000 00302nam a22001337a 4500
008 180904b xxu||||| |||| 00| 0 eng d
020 _a9781931576963
041 _aeng
080 _a004
100 _a28
101 _aSHKI
245 _aElectronic Learning Communities
_cReisman, S
942 _2udc
_cBK
999 _c47515
_d47515